The Andy Griffith Show Quiz - Statistics

General Stats
  • This quiz has been taken 179 times
    167 since last reset
  • The average score is 16 of 35
Answer Stats
Hint Answer % Correct
Main Character Andy Taylor
96%
Town they live in Mayberry
93%
^His Son Opie Taylor
93%
Town's deputy Barney Fife
90%
Town's First mechanic Gomer Pyle
76%
Town's second mechanic Goober Pyle
70%
Mountain man who throws rocks at windows Ernest T Bass
67%
School Teacher Helen Crump
67%
^ Aboves daughter Charlene Darling
61%
Musical Mountain family's father Briscoe Darling
59%
1st Deputy's girlfriend Thelma Lou
59%
Lady Drugist Ellie Walker
54%
Town's barber Floyd Lawson
54%
Man who owns a service station Wally
52%
Main Character's Aunt Beatrice Taylor
51%
Town drunk Otis Campbell
51%
Telephone operator Sarah
51%
Neighboring city Mt. Pilot
49%
Little boy who offers everyone PB&J'S Leon
43%
Aunt's best friend Clara Edwards
40%
First Mayor Mayor Pike
39%
Second Mayor Mayor Stoner
38%
County Clerk Howard Sprague
36%
Farmer who runs a still and sing very well Rafe Hollister
32%
British man who comes to town Malcolm Merriweather
31%
Old Houskeeper Rose
31%
^ Aboves husband Dud Walsh
22%
Really good guitar player Jim Lindsey
19%
Drycleaners guy Mr Goss
14%
^aboves son Mike Jones
12%
Man elected for city council. Also housed Italians Sam Jones
12%
Choir director John Masters
11%
Second deputy Warren Ferguson
11%
Man who owns a fix it shop Emmett Clark
8%
Waitress at the diner who deputy always calls Juanita Beasley
7%
No matching quizzes found
Score Distribution
Percent of People with Each Score
Percentile by Number Answered
Your Score History
You have not taken this quiz since the last reset